Jellyfish exclusion project-Ocean View, Norfolk, Virginia, 1982 /

Bibliographic Details
Main Author: Provenzano, Anthony J.
Format: Book
Language:English
Published: Norfolk, Va. : Old Dominion University Dept. of Oceanography, 1982.
Series:Technical report (Old Dominion University. Department of Oceanography) ; no. 82-7.
Subjects:

MARC

Tag First Indicator Second Indicator Subfields
LEADER 00000cam a2200000Ia 4500
001 in00002189721
005 20151104064359.0
008 850409s1982 vaua 000 0 eng d
035 |a (OCoLC)ocm11896204 
040 |a VOD  |c VOD  |d OCLCQ  |d TXA  |d UtOrBLW 
043 |a n-us-md  |a n-us-va 
049 |a TXAM 
090 |a GC1  |b .O45 no.82-7 
100 1 |a Provenzano, Anthony J. 
245 1 0 |a Jellyfish exclusion project-Ocean View, Norfolk, Virginia, 1982 /  |c by Anthony J. Provenzano [and others]. 
264 1 |a Norfolk, Va. :  |b Old Dominion University Dept. of Oceanography,  |c 1982. 
300 |a 14 leaves :  |b illustrations ;  |c 28 cm. 
336 |a text  |b txt  |2 rdacontent 
337 |a unmediated  |b n  |2 rdamedia 
338 |a volume  |b nc  |2 rdacarrier 
490 1 |a Technical report / Old Dominion University, Department of Oceanography ;  |v no. 82-7 
650 0 |a Scyphozoa  |x Control  |z Chesapeake Bay (Md. and Va.) 
650 0 |a Bathing beaches  |x Protection. 
830 0 |a Technical report (Old Dominion University. Department of Oceanography) ;  |v no. 82-7. 
948 |a cataloged  |b h  |c 2006/8/22  |d c  |e jgreene  |f 3:43:56 pm 
994 |a C0  |b TXA 
999 |a MARS 
999 f f |s 65f34947-ce16-39d8-ba8f-ed20e0b5c837  |i 2dd5ed7f-9fd6-351b-94af-54764d6fdc19  |t 0 
952 f f |p ric  |a Texas A&M University  |b Rellis Campus  |c Joint Library Facility  |d Remote Storage  |t 0  |e GC1 .O45 no.82-7  |h Library of Congress classification  |i unmediated -- volume  |m A14834703433 
998 f f |a GC1 .O45 no.82-7  |t 0  |l Remote Storage